000 00871nam a22002537a 4500
001 14491
003 BD-JhCC
005 20251213130008.0
008 251213b |||||||| |||| 00| 0 eng d
020 _a9789848945476
035 _a(BD-JhCC)14491
040 _aBD-JhCC
_dBD-JhCC
041 _aবাংলা
082 _223
_a954.92
_bAHA 2012
100 _aআহমেদ, রাজিব
245 _aসুন্দরবনের ইতিহাস /
_cরাজিব আহমেদ
246 _aSundarbanr Itihas
260 _aঢাকা:
_bগতিধারা,
_c২০১২
300 _a৫৯৯ পৃ.;
_bill.
_c২২ সেমি.
_eপেপার বাইন্ডিং
650 _aসুন্দরবনের ইতিহাস
650 _aসুন্দরবনের ইতিহাস
942 _2ddc
_cBK
999 _c14491
_d14491